000 00588nam a2200229Ia 4500
003 OSt
005 20250711132014.0
008 210210b2000 xxu||||| |||| 00| 0 eng d
020 _a8190044176
040 _cAL
041 _aeng
082 _a620.8 KHAR
100 _aIrfan A Khan
_9218261
245 _aRole of biotechnology in medicinal and aromatic plants Vol 3
260 _aAndhra Pradesh
_bUkaaz Publications
_c2000
300 _a292p
440 _a3
_9218262
690 _aBiotechnology
_9218274
700 _aAtiya Khanum
_9218275
906 _aSG03848
942 _2ddc
_cSG
999 _c114619
_d114619